00803 2200277 4500001002100000005001500021035002000036007000300056040001700059043000900076100013500085245005800220250001500278300003400293020001800327041001300345082001400358084001400372264003700386336001500423337001300438338001500451650002700466850001200493990002000505INLIS00000000106867120251021075716 a0010-1025000089ta aJKPNPNAbRDA aa-io aA. UsmaratIMPLEMENTASI MANAJEMEN STRATEJIK KEBIJAKAN DAN PROSEStA. UsmaratIMPLEMENTASI MANAJEMEN STRATEJIK KEBIJAKAN DAN PROSES aIMPLEMENTASI MANAJEMEN STRATEJIK KEBIJAKAN DAN PROSES aCetakan II a391 Hlm :bIlsutrasi ;c23 cm a979-96885-3-1 aRDAbIND aUSM 658 I aUSM 658 I aJogjakarta :bAMARA BOOKS,c2003 2rdacontent 2rdamedia 2rdacarrier aImplementasi Manajemen aJKPNPNA a46802/SUMB/2025